Every Cessna ever made (aircraft) - Statistics

General Stats
  • This quiz has been taken 21 times
  • The average score is 20 of 79
Answer Stats
Picture Answer % Correct
Cessna 172 Skyhawk
91%
Cessna 150
73%
Cessna 152
73%
Cessna 182 Skylane
73%
Cessna 170
64%
Cessna 180 Skywagon
64%
Cessna 208 Caravan
64%
Cessna 160
55%
Cessna 162 Skycatcher
55%
Cessna 120
45%
Cessna 140
45%
Cessna 175 Skylark
45%
Cessna 190
45%
Cessna 210 Centurion
45%
Cessna 206
36%
Cessna 305 Bird Dog
36%
Cessna 310
36%
Cessna 336 Skymaster
36%
Cessna 340
36%
Cessna 414
36%
Cessna 525 Citation
36%
cessna 142
27%
Cessna 177 Cardinal
27%
Cessna 185 Skywagon
27%
Cessna 195
27%
Cessna 205
27%
Cessna 207
27%
Cessna 318 Dragonfly
27%
Cessna 335
27%
Cessna 337 Skymaster
27%
Cessna 402
27%
Cessna 421 Golden eagle
27%
Cessna 425
27%
Cessna 441 Conquest II
27%
Cessna E530 Scorpion
27%
Cessna T-240
27%
Cessna T-50 Bobcat
27%
Cessna 187
18%
Cessna 188
18%
Cessna 309
18%
Cessna 320 Skynight
18%
Cessna 400 Corvalis TT
18%
Cessna 401
18%
Cessna 411
18%
Cessna 500 citation
18%
Cessna 510 Citation Mustang
18%
Cessna 550 Citation II
18%
Cessna 550 Citation V
18%
Cessna 560XL Citation Excel
18%
Cessna 650 Citation III
18%
Cessna 680A Citation Latitude
18%
Cessna 680 Citation Sovereign
18%
Cessna 700 Citation Longitude
18%
Cessna 750 Citation X
18%
Cessna 850 Citation Columbus
18%
Cessna T-303 Crusader
18%
Cessna 308
9%
Cessna 319
9%
Cessna 321
9%
Cessna 327
9%
Cessna 350 Corvalis
9%
Cessna 404 Titan
9%
Cessna 408 SkyCourier
9%
Cessna 526 Citation
9%
Cessna 620
9%
Cessna Airmaster
9%
Cessna 1014 XMC
0%
Cessna C-106
0%
Cessna CG-2
0%
Cessna CH-1 Skyhook
0%
Cessna Citation Hemisphere
0%
Cessna Comet
0%
Cessna CR-3
0%
Cessna CW-6
0%
Cessna DC-6
0%
Cessna EC-1
0%
Cessna EC-2
0%
Cessna Model A
0%
Cessna NGP
0%
No matching quizzes found
Score Distribution
Percent of People with Each Score
Percentile by Number Answered
Your Score History
You have not taken this quiz